000 01099cab a2200253 4500
001 WB3128-36
008 090401t1995 xxu||||| |||| 00| 0 eng d
035 _a(Sirsi) u35598
041 _aeng
245 _aAgreement made new tenancy
260 _c1995
350 _a0
490 _aTimes
_v21 July 1995, 30(1)
520 _a"Burrows v Brent LBC" CA 12 July 1995. An agreement between Brent as landlord and a tenant whereby the tenant acknowledged arrears of rent and undertook to pay a weekly rent charge and to reduce the arrears by regular instalments made after Brent had obtained a 14 days final order for possession, but before those 14 days had elapsed; permitted the tenant to remain in exclusive occupation amounted to either a grant of a new tenancy or a licence to occupy that property.
650 _aCOUNCIL TENANTS
650 _aEXCLUSIVE OCCUPATION
650 _aINSTALMENTS
650 _aPOSSESSION ORDER
650 _aRENT ARREARS
650 _aSECURE TENANCIES
690 _aLANDLORD AND TENANT-CASE LAW-RESIDENTIAL TENANCIES
942 _n0
948 _c04/03/1997
999 _c23292
_d23292